Cestovné náhrady - novela zákona

Pojem pracovná cesta. Poskytovanie cestovných náhrad. Zamestnancovi patrí stravné. Náhrada za používanie cestných motorových vozidiel, náhrada za spotrebované pohonné látky. Poskytovanie náhrad pri zahraničných pracovných cestách. Stravné v eurách alebo v cudzej mene. Pracovná cesta v štáte, ktorý n...

Descrizione completa

Salvato in:
Dettagli Bibliografici
Autore principale: Tomiová, Sandra
Natura: Capitolo di libro
Lingua:slovacco
Soggetti:
Tags: Aggiungi Tag
Nessun Tag, puoi essere il primo ad aggiungerne!!

MARC

LEADER 00000naa$a2200000$$$4500
001 0091138
005 20231120113334.5
041 0 |a slo 
044 |a SK 
245 1 0 |a Cestovné náhrady - novela zákona  |c Sandra Tomiová 
520 |a Pojem pracovná cesta. Poskytovanie cestovných náhrad. Zamestnancovi patrí stravné. Náhrada za používanie cestných motorových vozidiel, náhrada za spotrebované pohonné látky. Poskytovanie náhrad pri zahraničných pracovných cestách. Stravné v eurách alebo v cudzej mene. Pracovná cesta v štáte, ktorý nie je štátom eurozóny. Výkon práce v zahraničí. Preddavky na náhrady. Vyúčtovanie zahraničnej cesty. Povinnosti zamestnávateľa. 
610 2 0 |a cesty pracovné 
610 2 0 |a náhrada cestovného 
610 2 0 |a zamestnanci 
610 2 0 |a zamestnávatelia 
610 2 0 |a zákony 
610 2 0 |a novelizácia 
100 1 |a Tomiová, Sandra